000 00901nam a2200229 a 4500
001 000047281
005 20201002053518.0
008 180426s2017 dr a 000 0 spa d
020 _a9789945194753
040 _aDO-SdBNP
_bspa
_cBNPHU
082 _axxx
_bL566e, 1ro., 2017
245 0 0 _aLengua española 3 :
_beducación primaria /
_cMaria Isabel Incháustegui ... [et al.] ; dirección editorial Claudia Llibre; ilustración Ruddy Núñez.
250 _a2a. ed.
260 _aSanto Domingo :
_bSantillana,
_c2017.
300 _a231p. :
_bil., ;
_c29 cm.
500 _aActualización según el nuevo diseño curricular oficial
500 _ala biblioteca posee solamente Guía didáctica. Recursos didácticos para el docente
590 _aInventariado, 2018/MFF
700 1 _aIncháutegui, Maria Isabel
_974976
700 1 _aLibre, Claudia,
_eed.
_930469
700 1 _aNúñez, Ruddy,
_eil.
_923171
999 _c46769
_d46769